| Tag |
First Indicator |
Second Indicator |
Subfields |
| LEADER |
00000cam a22000007a 4500 |
| 001 |
in00000005992 |
| 005 |
20150927203250.0 |
| 008 |
990816s1999 xxu f000 0 eng d |
| 035 |
|
|
|a (OCoLC)
|
| 035 |
|
|
|a tmp97155465
|
| 035 |
|
|
|9 AJK0017AM
|
| 040 |
|
|
|a MvI
|c MvI
|d UtOrBLW
|
| 049 |
|
|
|a MAPS
|
| 074 |
|
|
|a 0378-E-05
|
| 086 |
0 |
|
|a D 5.354:TPC F-7C/989
|
| 245 |
0 |
0 |
|a China, Mongolia, Scale 1:500,000, TPC F-7C, July 24, 1989.
|
| 264 |
|
1 |
|a [Place of publication not identified] :
|b [publisher not identified],
|c [1999?]
|
| 336 |
|
|
|a text
|b txt
|2 rdacontent
|
| 337 |
|
|
|a unmediated
|b n
|2 rdamedia
|
| 338 |
|
|
|a volume
|b nc
|2 rdacarrier
|
| 500 |
|
|
|a Shipping List #: 99-2008-S
|
| 500 |
|
|
|a Shipping List Date: 07/28/99
|
| 710 |
1 |
|
|a United States.
|b National Imagery and Mapping Agency.
|
| 999 |
|
|
|a MARS
|
| 999 |
f |
f |
|s 8604a358-5f67-3013-8f37-10ec048c5028
|i a9c70312-8bef-3688-895f-6f61b78707d6
|t 0
|
| 952 |
f |
f |
|p normal
|a Texas A&M University
|b College Station
|c Sterling C. Evans Library
|d Evans: Maps File (2nd floor)
|t 0
|e G3201.P6 s500 .U5 TPC F-7C
|h Library of Congress classification
|i unmediated -- volume
|m A14827047216
|
| 998 |
f |
f |
|a G3201.P6 s500 .U5 TPC F-7C
|t 0
|l Evans: Maps File (2nd floor)
|